Szczegóły MARC21

Język rosyjski : skrypt dla studentów Wydziału Transportu i Łączności /

003 -Nazwa inst., której nr kontr. jest w polu 001 [,]
    • @
    • Nazwa instytucji, której n kontrolny jest w polu 001
    • NUKAT
005 -DATA I CZAS OSTATNIEJ MODYFIKACJI [,]
    • @
    • pole kontrolne
    • 20241231114838.0
040 -Instytucja sporządzająca opis [ , ]
    • a
    • Instytucja, która sporządziła opis (NP)
    • NUKAT
    • c
    • Instytucja, która sporządziła rekord (NP)
    • WA N/KR
    • d
    • Instytucja, która zmodyfikowała rekord (P)
    • LUBL U/WAG
041 -Język dokumentu [0, ]
    • a
    • Język tekstu (P)
    • rosyjski
    • a
    • Język tekstu (P)
    • polski
942 -Rodzaj dokumentu [ , ]
    • c
    • Rodzaj dokumentu
    • Książka
100 -Hasło główne - nazwa osobowa [1, ]
    • a
    • Nazwa osobowa (NP)
    • Rozbiewska, Sabina.
    • 9
    • KHW
    • 550610
245 -Strefa tytułu i oznaczenia odpowiedzialności [1,0]
    • a
    • Tytuł
    • Język rosyjski : Find
    • b
    • Ciąg dalszy tytułu (NP)
    • skrypt dla studentów Wydziału Transportu i Łączności / Find
    • c
    • Pozostałe elementy strefy tytułu i oznaczenia odpowiedzialności (NP)
    • Sabina Rozbiewska ; Uniwersytet Szczeciński.
260 -Strefa adresu wydawniczego [ , ]
    • a
    • Miejsce wydania (P)
    • Szczecin :
    • b
    • Nazwa wydawcy (P)
    • Wydawnictwo Naukowe Uniwersytetu Szczecińskiego,
    • c
    • Data wydania (P)
    • 1992.
300 -Strefa opisu fizycznego [ , ]
    • a
    • Określenie formy książki i/lub objętość (NP)
    • 242 s. ;
    • c
    • Format (NP)
    • 24 cm.
336 -Typ zawartości [ , ]
    • a
    • Termin opisujący typ zawartości
    • Tekst
    • b
    • Kod określający zawartość
    • txt
    • 2
    • Źródło (terminu i kodu)
    • rdacontent
337 -Typ mediów [ , ]
    • a
    • Tryb odtwarzania
    • Bez urządzenia pośredniczącego
    • b
    • Kod typu mediów
    • n
    • 2
    • Źródło (terminu i kodu)
    • rdamedia
338 -Typ/rodzaj nośnika [ , ]
    • a
    • Hasło opisujące typ nośnika
    • Wolumin
    • b
    • Kod typu nośnika
    • nc
    • 2
    • Źródło (terminu i kodu)
    • rdacarrier
504 -Uwaga dot. bibliogr. załącznikowej [ , ]
    • a
    • Uwaga dot. bibliografii załącznikowej
    • Bibliogr. s. 241-242.
080 -Uniwersalna Klasyfikacja Dziesiętna [ , ]
    • a
    • Symbol klasyfikacji
    • 808.2(075.8)(076)
080 -Uniwersalna Klasyfikacja Dziesiętna [ , ]
    • a
    • Symbol klasyfikacji
    • :656.1/.7
080 -Uniwersalna Klasyfikacja Dziesiętna [ , ]
    • a
    • Symbol klasyfikacji
    • :656.8
980 -Symbol UKD [ , ]
    • a
    • UKD
    • 808.2(075.8)(076):656.1/.7:656.8
710 -Hasło dodatkowe - nazwa ciała zbiorowego [2, ]
    • a
    • Nazwa ciała zbiorowego lub nazwa geograficzna jako pierwszy element (NP)
    • Uniwersytet Szczeciński.
    • b
    • Nazwa jednostki podrzędnej (P)
    • Wydawnictwo Naukowe.
    • 4
    • Kod relacji
    • pbl
    • 9
    • KHW
    • 51208
Numer inwentarzowy Status udost. Lokalizacja Data inwentaryzacji
E.610192BE1996-09-19
S.744122BE1996-09-19
S.744132BE1996-09-19
S.744142BE1996-09-19
S.744152BE1996-09-19
S.744162BE1996-09-19
S.744172BE1996-09-19
S.744182BE1996-09-19
S.744192BE1996-09-19
S.744202BE1996-09-19
S.744212BE1996-09-19
S.744222BE1996-09-19
S.744232BE1996-09-19
S.744242BE1996-09-19
S.744252BE1996-09-19
S.744262BE1996-09-19
S.744272BE1996-09-19
S.744282BE1996-09-19
S.744292BE1996-09-19
S.744302BE1996-09-19
S.744312BE1996-09-19
S.744322BE1996-09-19
S.744332BE1996-09-19
S.744342BE1996-09-19
S.744352BE1996-09-19
S.744362BE1996-09-19
S.744372BE1996-09-19
S.789552BE1996-09-19
S.789562BE1996-09-19
S.789572BE1996-09-19
JO.14772BM 
TS.74438-11T1996-09-19
TS.74439-11T1996-09-19
TS.74440-11T1996-09-19
TS.74441-11T1996-09-19
TS.74442-11T1996-09-19
TS.74443-11T1996-09-19
TS.74444-11T1996-09-19
TS.74445-11T1996-09-19
TS.74446-11T1996-09-19
TS.74447-11T1996-09-19
TS.74448-11T1996-09-19
TS.74449-11T1996-09-19
TS.74450-11T1996-09-19
TS.74451-11T1996-09-19
TS.78958-11T1996-09-19
TS.78959-11T1996-09-19